Представление документа в формате RUSMARC

ПолеНазваниеЗначение
  Тип записи a
  Библиографический уровень a
001 Контрольный номер RU/CBS_Ul/BASE/508417932
005 Дата корректировки 20250523135402.7
100 Данные общей обработки __
a Данные общей обработки 20250523d2016####|||c0rusy0189 ca
101 Язык документа 0_
a Язык текста rus
102 Страна публикации __
a Страна публикации RU
105 Кодированные данные (монография) __
a Кодированные данные (монография) y###||||000|y
200 Заглавие и сведения об ответственности 1_
a Заглавие Встреча с лауреатами Благовской премии
b Общее обозначение материала Текст
e Сведения, относящиеся к заглавию [С. Матлина, Е. Кувшинникова, А. Лайков, Т. Эйхман.]
300 Общие примечания __
a Общие примечания Ограничения по возрасту - 12+
461 Уровень набора _0
1 2000
a Симбирскъ
463 Уровень физической единицы _0
1 2000
a № 1(31)(январь)
v С. 18
1 2101
d 2016
1 001RU/REG73/CBS_GRAD/1177d5b83a424edf966fbb3789146e5c
600 Персоналии _0
a Персоналии (Фамилия) Благов
b Персоналии (Имя, инициалы) Н.Н.
606 Тематические рубрики 0_
a Основная рубрика Ежегодная областная поэтическая премия имени Н.Н.Благова (2016; Ульяновск, город)
610 Ключевые слова 0_
a Ключевые слова литературные премии
610 Ключевые слова 0_
a Ключевые слова лауреаты
610 Ключевые слова 0_
a Ключевые слова Благовская премия, лауреаты Благовской премии
610 Ключевые слова 0_
a Ключевые слова поэтические премии
610 Ключевые слова 0_
a Ключевые слова творческие встречи
686 Индексы других классификаций __
a Классификационный индекс 83.3(2Рос=Рус)6
2 Код системы rubbk
801 Источник записи _0
a Страна RU
b Организация RuCBSGrad
c Дата составления 20250523
g Правила каталогизации RCR
801 Источник записи _1
a Страна RU
b Организация RuCBSGrad
c Дата составления 20250523
g Правила каталогизации RCR
852 Данные о местонахождении __
a Наименование организации МБУК ЦБС г. Димитровграда
901 Тип документа __
t Тип документа b
w Контрольный № источника RU/REG73/CBS_GRAD/1177d5b83a424edf966fbb3789146e5c
909 Создатель записи __
a Создатель записи Тенигина
b Дата создания записи 20250523